By the Honorable Thomas Hutchinson, Esq; ... A proclamation for a public thanksgiving : ... Thursday the sixth day of December next ... Given at the Council chamber in Cambridge, the thirtieth day of October, 1770 ...

Bibliographic Details
Main Author: Hutchinson, Thomas, 1711-1780 (Author)
Corporate Authors: Massachusetts. Lieutenant Governor (1758-1771 : Hutchinson), Gale (Firm)
Other Authors: Draper, Richard, 1727-1774 (Printer)
Format: eBook
Language:English
Subjects:
Online Access:Connect to the full text of this electronic book

MARC

Tag First Indicator Second Indicator Subfields
LEADER 00000cam a2200000 4500
001 in00003875921
005 20190415193100.0
006 m o d
007 cr |n||||||||n
008 820319s1770 xxu|||| o o00| | eng c
035 |a (CU-RivES)W35581 
035 |a (Uk-ES)006461469 
035 |a (OCoLC)511241861 
040 |a MWA  |c MWA  |d CU-RivES  |d CStRLIN  |d Cengage Gale  |d UtOrBLW 
050 4 |a Z1215  |b .M377 1770 
110 1 |a Massachusetts.  |b Lieutenant Governor (1758-1771 : Hutchinson) 
240 1 0 |a Proclamations. 1770-10-30 
245 1 0 |a By the Honorable Thomas Hutchinson, Esq; ... A proclamation for a public thanksgiving :  |b ... Thursday the sixth day of December next ... Given at the Council chamber in Cambridge, the thirtieth day of October, 1770 ... 
264 3 |a Boston :  |b Printed by Richard Draper, printer to His Honor the lieutenant-governor, and the Honorable His Majesty's Council,  |c 1770. 
300 |a 1 online resource (1 sheet) :  |b coat of arms ; 
336 |a text  |b txt  |2 rdacontent 
337 |a computer  |b c  |2 rdamedia 
338 |a online resource  |b cr  |2 rdacarrier 
500 |a Signed: T. Hutchinson. By His Honor's command, A. Oliver, secr'y. 
500 |a Printed area measures 37.6 x 22.3 cm. 
510 4 |a Evans,  |c 11729 
510 4 |a Ford, W.C. Broadsides,  |c 1534 
510 4 |a English Short Title Catalog,  |c W35581. 
500 |a Reproduction of original from Boston Public Library. 
500 |a Electronic resource. 
655 7 |a Electronic books.  |2 local 
655 7 |a Broadsides.  |2 rbgenr 
655 7 |a Thanksgiving day proclamations  |y 1770 Dec. 6.  |2 rbgenr 
650 0 |a Proclamations  |z Massachusetts  |v Early works to 1800. 
700 1 |a Hutchinson, Thomas,  |d 1711-1780,  |e author.  |0 http://id.loc.gov/authorities/names/n79054623 
700 1 |a Hutchinson, Thomas,  |d 1711-1780.  |0 http://id.loc.gov/authorities/names/n79054623 
700 1 |a Draper, Richard,  |d 1727-1774,  |e printer.  |0 http://id.loc.gov/authorities/names/n87869648 
710 2 |a Gale (Firm)  |0 http://id.loc.gov/authorities/names/no2008071348 
752 |a United States  |b Massachusetts  |d Boston. 
856 4 0 |u http://proxy.library.tamu.edu/login?url=http://find.galegroup.com/ecco/infomark.do?contentSet=ECCOArticles&docType=ECCOArticles&bookId=1569100300&type=getFullCitation&tabID=T001&prodId=ECCO&docLevel=TEXT_GRAPHICS&version=1.0&source=library&userGroupName=txshracd2898  |z Connect to the full text of this electronic book  |t 0 
999 f f |s 69ab3946-7e6e-36b2-8cfb-e81d8701e5f4  |i 16632dca-682b-3c79-a5b7-b8896831fd30  |t 0 
952 f f |a Texas A&M University  |b College Station  |c Electronic Resources  |d Available Online  |t 0  |e Z1215 .M377 1770  |h Library of Congress classification 
998 f f |a Z1215 .M377 1770  |t 0  |l Available Online